Statystyki dla Kraje Azji wdg wyleczonych na koronowirusa

Kliknij tutaj aby rozwiązać quiz!

Ogólne statystyki

  • Ten quiz został rozwiązany 50 razy
  • Średni wynik to 12 z 17

Statystyki odpowiedzi

WyleczeniKraj% Poprawnych
47,2 tysChiny
100%
43Japonia
94%
3Indie
90%
34Korea Południowa
90%
30Tajlandia
80%
291Iran
78%
16Wietnam
78%
78Singapur
68%
22Malezja
64%
1Nepal
62%
1Izrael
60%
2Filipiny
56%
1Sri Lanka
56%
12Tajwan
56%
1Kambodża
54%
2Oman
52%
5Zjednoczone Emiraty
22%

Rozkład punktacji

Percentyl według liczby udzielonych odpowiedzi

Procent ludzi z każdym wynikiem

Twoja historia wyników

Nie rozwiązałeś tego quizu